| 000 | 00659nam a22001697a 4500 | ||
|---|---|---|---|
| 003 | NUST | ||
| 008 | 230118b ||||| |||| 00| 0 eng d | ||
| 020 | _a9780198066903 | ||
| 082 | _a658.404,KHA | ||
| 100 |
_aKhatua, Sitangshu _9106965 |
||
| 245 |
_aProject Management and Appraisal / _cSitangshu Khatua |
||
| 260 |
_aOxford University Press _bIndia _c2011 |
||
| 300 | _axvii, 589 p | ||
| 505 | _aPart I. Introduction to Project Management (Page-1), Part II. Project Appraisal (Page-81), Part III. Project Planning, Execution and Control (Page-425), Part IV. Project Management the Future (Page-471). | ||
| 650 | _aProject Management | ||
| 942 |
_2ddc _cBK |
||
| 999 |
_c592944 _d592944 |
||